| Tag |
First Indicator |
Second Indicator |
Subfields |
| LEADER |
00000cam a2200000 a 4500 |
| 001 |
in00004493513 |
| 005 |
20191203082022.0 |
| 008 |
990819s2000 caua b 001 0 eng |
| 010 |
|
|
|a 99006844
|
| 015 |
|
|
|a GB99-U7290
|
| 016 |
7 |
|
|a 100956384
|2 DNLM
|
| 019 |
|
|
|a 42912783
|a 43881186
|a 47149577
|a 47231524
|
| 020 |
|
|
|a 0761915044 (acid-free paper)
|
| 020 |
|
|
|a 0761915052 (acid-free paper)
|
| 035 |
|
|
|a (OCoLC)ocm42296872
|
| 035 |
|
|
|z (UtOrBLW)30216
|
| 035 |
|
|
|a 45062
|
| 040 |
|
|
|a DLC
|c DLC
|d UKM
|d C#P
|d NLM
|d STJ
|d OCL
|d UtOrBLW
|
| 042 |
|
|
|a pcc
|
| 049 |
|
|
|a TMVM
|c 1
|
| 050 |
0 |
0 |
|a R853.O87
|b M43 2000
|
| 060 |
1 |
0 |
|a WY 100
|b M4876 2000
|
| 245 |
0 |
0 |
|a Measuring patient outcomes /
|c [edited] by Marie T. Nolan and Victoria Mock.
|
| 264 |
|
1 |
|a Thousand Oaks, Calif. :
|b Sage Publications,
|c 2000.
|
| 300 |
|
|
|a xx, 223 pages :
|b illustrations ;
|c 22 cm.
|
| 336 |
|
|
|a text
|2 rdacontent
|b txt
|
| 337 |
|
|
|a unmediated
|2 rdamedia
|
| 338 |
|
|
|a volume
|2 rdacarrier
|b nc
|
| 504 |
|
|
|a Includes bibliographical references and index.
|
| 650 |
|
2 |
|a Nursing Process.
|
| 650 |
|
2 |
|a Outcome Assessment (Health Care)
|x methods.
|
| 700 |
1 |
|
|a Nolan, Marie T.
|
| 700 |
1 |
|
|a Mock, Victoria.
|
| 999 |
|
|
|a MARS
|
| 999 |
f |
f |
|s e65883b7-b51b-3d31-b8f8-7f675503c3bb
|i 6643317a-1a48-3b8d-9e89-8a665434e5b3
|t 0
|
| 952 |
f |
f |
|p ric
|a Texas A&M University
|b Rellis Campus
|c Joint Library Facility
|d Remote Storage
|t 0
|e WY 100 M4876 2000
|h National Library of Medicine classification
|i unmediated -- volume
|m 323890255863B
|
| 998 |
f |
f |
|a WY 100 M4876 2000
|t 0
|l Remote Storage
|